000 00372nam a2200157Ia 4500
008 221030s9999 xx 000 0 und d
020 _a8170083834
041 _aEnglish
082 _a105.23
_bKak
100 _aO. G. Kakde
245 0 _aComplier Design
_cby O. G. Kakde
260 _bLaxmi Pub.
_aNew Delhi
_c2002
300 _a334
650 _aBE Computer
942 _cBK
999 _c8172
_d8172